Members of AIIB ( Asian Infrastructure Investment Bank) - Statistics

General Stats
  • This quiz has been taken 26 times
    23 since last reset
  • The average score is 41 of 57
Answer Stats
Hint Answer % Correct
6 China
100%
8 India
100%
37 Vietnam
90%
9 Indonesia
86%
16 Laos
86%
19 Mongolia
86%
24 Pakistan
86%
28 Russia
86%
54 Spain
86%
1 Australia
81%
5 Cambodia
81%
43 France
81%
44 Germany
81%
14 Kuwait
81%
17 Malaysia
81%
49 Netherlands
81%
50 Norway
81%
30 Singapore
81%
27 South Korea
81%
55 Sweden
81%
35 United Arab Emirates
81%
57 United Kingdom
81%
39 Brazil
76%
40 Denmark
76%
42 Finland
76%
10 Iran
76%
13 Kazakhstan
76%
52 Portugal
76%
29 Saudi Arabia
76%
34 Turkey
76%
41 Egypt
71%
7 Georgia
71%
11 Israel
71%
12 Jordan
71%
21 Nepal
71%
51 Poland
71%
26 Qatar
71%
33 Thailand
71%
36 Uzbekistan
71%
46 Italy
67%
22 New Zealand
67%
23 Oman
67%
31 Sri Lanka
67%
56 Switzerland
67%
38 Austria
62%
2 Azerbaijan
62%
3 Bangladesh
62%
4 Brunei
62%
25 Philippines
62%
53 South Africa
62%
32 Tajikistan
62%
45 Iceland
57%
18 Maldives
52%
15 Kyrgyzstan
48%
47 Luxembourg
48%
48 Malta
38%
20 Myanmar
29%
No matching quizzes found
Score Distribution
Percent of People with Each Score
Percentile by Number Answered
Your Score History
You have not taken this quiz since the last reset